Výpočet plošných a prostorových konstrukcí metodou konečných prvků
Salvato in:
| Autori principali: | , , , |
|---|---|
| Natura: | Libro |
| Lingua: | ceco |
| Pubblicazione: |
Praha :
SNTL,
1972
|
| Tags: |
Nessun Tag, puoi essere il primo ad aggiungerne!!
|
MARC
| LEADER | 00000nam a22000003a 4500 | ||
|---|---|---|---|
| 001 | stu83702 | ||
| 005 | 20150617225636.6 | ||
| 008 | 040204s1972----cs------------------cze-d | ||
| 040 | |a STU |b slo | ||
| 041 | 0 | |a cze | |
| 044 | |a cs | ||
| 080 | |a 624.04 |7 stu_us_auth*stu16857 | ||
| 100 | 1 | |a Ženíšek, Alexander |4 aut | |
| 245 | 1 | |a Výpočet plošných a prostorových konstrukcí metodou konečných prvků | |
| 260 | |a Praha : |b SNTL, |c 1972 | ||
| 300 | |a 370 s | ||
| 700 | 1 | |a Kratochvíl, Jiří |4 aut | |
| 700 | 1 | |a Kolář, Vladimír |4 aut | |
| 700 | 1 | |a Leitner, František |4 aut | |
| 996 | |b 284J016070 |c J*31592 |l JJSK |s A |a 24 |w stu83702_0001 | ||
| 996 | |b 284V035127 |c V*7637/O-872b |l VVS |s A |a 24 |w stu83702_0002 | ||
| 996 | |b 284J016069 |c J*31591 |l JJSK |s A |a 24 |w stu83702_0003 | ||
| 996 | |b 284V035128 |c V*7636/O-872a |l VVS |s A |a 24 |w stu83702_0004 | ||